000 00485nam a2200181Ia 4500
001 9098
005 20260306160658.0
008 260306t2012||||xx |||||||||||||| ||spa||
041 _aESP
082 _a372.623
_bP45
100 _aPérez Grajales, Héctor
_eAUT
245 0 _aIntroducción al estudio de la narrativa:
_bcomo desarrollar la competencia literaria
260 _c2012
300 _a275 páginas :
_c24 cm.
650 _aGEN
654 _aCED
942 _cLIB
_dJUS
_fJUS
_2ddc
_n
999 _c9098
_d9098